| 000 | 00463cam a2200181ua 4500 | ||
|---|---|---|---|
| 020 | _c1.25 | ||
| 041 |
_amal _h |
||
| 082 |
_a894.8121 _bKRI/RA |
||
| 100 | _aKrishna Pillai, Changampuzha. | ||
| 245 |
_aRaktha pushapangal / _cChangampuzha Krishnapillai. _hTextual Documents |
||
| 250 |
_a16 / _b. |
||
| 260 |
_aThrissur : _bThe Mangalodayam Pvt Ltd , _c1962. |
||
| 300 | _a88 ; . | ||
| 365 | _a1.25 | ||
| 504 | _a | ||
| 942 | _cBK | ||
| 999 |
_c4553 _d4553 |
||